|
|
|
|
| LEADER |
00000cam a2200000 a 4500 |
| 001 |
vtls008400684 |
| 003 |
SK-MaSNL |
| 005 |
20260426003949.0 |
| 008 |
230403s1949 xo 000 0 hun |
| 015 |
|
|
|a SNBA19451955-012063
|
| 035 |
|
|
|a SK01SNKBKSFS20020092901
|
| 035 |
|
|
|a urn:nbn:sk:snk-am3heal
|
| 035 |
|
|
|a 03F65E65-8BF2-4923-80E1-44022415E9BC
|
| 035 |
|
|
|a urn:nbn:sk:snk-am00csjm
|
| 035 |
|
|
|a SKM000095364
|
| 040 |
|
|
|a SNK
|b slo
|c SNK
|e AACR2
|
| 041 |
0 |
|
|a hun
|a cze
|
| 044 |
|
|
|a xo
|c SK
|
| 080 |
|
|
|a 329
|2 1981
|
| 100 |
1 |
|
|a Široký, Viliam,
|d 1902-1971
|4 aut
|9 113477
|
| 245 |
1 |
3 |
|a Az ötéves terv feladatainak teljesítésével Szlovákia tavábbi fellendülése felé
|b a Szlovákiai Kommunista Párt Központi Bizottságának 1949 január 24-én tartott űlésén elhangzott nyilatkoza
|c Viliam Široký
|
| 260 |
|
|
|a [Bratislava]
|b Tatran
|c 1949
|e Košice
|f Wiko
|
| 300 |
|
|
|a 30, [1] s.
|c V. 8°
|
| 366 |
|
|
|e 7000 výtl.
|
| 490 |
1 |
|
|a Időszerű kérdések
|v 4. füz.
|
| 650 |
0 |
7 |
|a národné hospodárstvo
|2 SNKPH
|9 846
|
| 650 |
0 |
7 |
|a hospodárske plány
|2 SNKPH
|9 2286
|
| 651 |
|
7 |
|a Československo
|2 SNKPHgeo
|9 21376
|
| 651 |
|
7 |
|a Slovensko
|2 SNKPHgeo
|9 14231
|
| 655 |
|
7 |
|a prejavy
|2 SNKPH
|9 70401
|
| 830 |
|
0 |
|a Időszerű kérdések
|9 308809
|
| 852 |
|
|
|a Slovenská národná knižnica
|
| 954 |
|
|
|a odborná, vedecká literatúra cudzojazyčná (svetová)
|2 lita
|
| 958 |
|
|
|a OND
|
| 958 |
|
|
|a RK
|
| 958 |
|
|
|a TL
|
| 958 |
|
|
|a EUIPO
|
| 999 |
|
|
|c 960049
|d 961979
|
| 952 |
|
|
|a SNK
|b SNK
|y VYP
|7 0
|p 17A0606837
|o snkSD 6394/4 D1
|i snkF 2026/62
|8 5
|0 0
|1 0
|4 0
|d 2009-01-09
|l 0
|r 2026-02-24 10:16:24
|w 2026-02-24
|
| 952 |
|
|
|a SNK
|b SNK
|y PREZ
|7 0
|p 17A0910397
|o snkSD 6394/4
|i snk6044/49
|0 0
|1 0
|4 0
|d 2019-02-20
|f 1
|l 0
|r 2025-11-14 00:00:00
|w 2026-02-24
|